Tous les Pokemon de type Normal (3G) - Statistiques

Statistiques générales
  • Ce quiz a été pris 12 fois
  • Le résultat moyen est 16 sur 18
Statistiques - réponses
Indices Réponses % Correct
Normal Brouhabam
100%
Normal Chuchmur
100%
Normal + Vol Hélédelle
100%
Normal Linéon
100%
Normal Monaflèmit
100%
Normal + Vol Nirondelle
100%
Normal Parecool
100%
Normal Ramboum
100%
Normal Spinda
100%
Normal Vigoroth
100%
Normal Zigzaton
100%
Normal + Fée Azurill
80%
Normal Kecleon
80%
Normal Morphéo
80%
Normal + Vol Tylton
80%
Normal Delcatty
70%
Normal Mangriff
70%
Normal Skitty
70%
Aucun quiz correspondant
Distribution des résultats
% des personnes avec chaque résultat
Percentile par nombre de réponses
Votre historique - résultats
Vous n’avez pas pris ce quiz